Normal view
MARC view
Entry Personal Name
001 - CONTROL NUMBER
- control field: 167479
003 - CONTROL NUMBER IDENTIFIER
- control field: OSt
005 - DATE AND TIME OF LATEST TRANSACTION
- control field: 20220923223511.0
008 - FIXED-LENGTH DATA ELEMENTS
- fixed length control field: 220923|| aca||aabn | a|a d
040 ## - CATALOGING SOURCE
- Original cataloging agency: OSt
- Transcribing agency: OSt
100 ## - HEADING--PERSONAL NAME
- Personal name: शास्त्री, प्रकाशवीर; त्यागी, राजेन्द्र, संपा
670 ## - SOURCE DATA FOUND
- Source citation: Work cat.: (OSt)365771: शास्त्री, प्रकाशवीर; त्यागी, राजेन्द्र, संपा., कश्मीर और भारत -पाक संबंध, 2003
